Phôồn Pôông Mường Trám
Phôồn Pôông Mường Trám: lời cúng, lời khấn, hát đối đáp. Vài suy nghĩ về Phôồn Pôông dân tộc Mường
Đã lưu trong:
| Tác giả chính: | |
|---|---|
| Định dạng: | Sách |
| Ngôn ngữ: | Vietnamese |
| Được phát hành: |
H.
Văn hóa thông tin
2013
|
| Loạt: | ĐTTS ghi: Hội Văn nghệ dân gian Việt Nam
|
| Những chủ đề: | |
| Các nhãn: |
Thêm thẻ
Không có thẻ, Là người đầu tiên thẻ bản ghi này!
|
| Thư viện lưu trữ: | Mạng thư viện Đại học Đà Nẵng |
|---|
| LEADER | 01580nam a2200373 4500 | ||
|---|---|---|---|
| 001 | 000019557 | ||
| 003 | 15992 | ||
| 005 | 20140722160700.0 | ||
| 008 | 140617s2013 viesd | ||
| 041 | 0 | |a vie | |
| 082 | 1 | 4 | |a 398.208995924 |b BU-H |
| 100 | 1 | |a Bùi Chí Hăng | |
| 245 | 1 | 0 | |a Phôồn Pôông Mường Trám |c Bùi Chí Hăng |
| 260 | |a H. |b Văn hóa thông tin |c 2013 | ||
| 300 | |a 161 tr. |c 21 cm. | ||
| 490 | |a ĐTTS ghi: Hội Văn nghệ dân gian Việt Nam | ||
| 504 | |a Thư mục: tr. 161 | ||
| 520 | 3 | |a Phôồn Pôông Mường Trám: lời cúng, lời khấn, hát đối đáp. Vài suy nghĩ về Phôồn Pôông dân tộc Mường | |
| 650 | 0 | 4 | |a Văn hóa dân gian |x Phôồn Pôông Mường Trám |x Nghiên cứu |z Việt Nam |
| 653 | |a Văn hóa dân gian | ||
| 653 | |a Phôồn Pôông Mường Trám | ||
| 653 | |a Dân tộc Mường | ||
| OWN | |a LSP | ||
| AVA | |a UDN50 |b LNN |d 895.922 BU-H |e available |t Error 5001 Not defined in file expand_doc_bib_avail. |f 1 |g 0 |h N |i 0 | ||
| AVA | |a UDN50 |b LSP |d 398.208995924 BU-H |e available |t Error 5001 Not defined in file expand_doc_bib_avail. |f 1 |g 0 |h N |i 0 |k 1 | ||
| 999 | |a From the UDN01 | ||
| AVA | |a UDN50 |b LNN |d 895.922 BU-H |e available |t Error 5001 Not defined in file expand_doc_bib_avail. |f 1 |g 0 |h N |i 0 | ||
| AVA | |a UDN50 |b LSP |d 398.208995924 BU-H |e available |t Error 5001 Not defined in file expand_doc_bib_avail. |f 1 |g 0 |h N |i 0 |k 1 | ||
| TYP | |a Monograph | ||
| TYP | |a Printed language | ||
| 980 | |a Mạng thư viện Đại học Đà Nẵng | ||